Code de la route - Panneaux - Statistiques

Statistiques générales
  • Ce quiz a été pris 2 581 fois
  • Le résultat moyen est 7 sur 16
Statistiques - réponses
Par images Réponse % Correct
Obligation de tourner à droite avant le panneau
90%
Succession de virages dont le premier est à droite
86%
Lieu aménagé pour le stationnement :Parking
70%
Sens interdit
69%
Intersection où vous avez la priorité
67%
Virage à droite
61%
Interdiction de tourner à gauche
40%
Priorité à droite
39%
Ralentisseur
38%
Limitation de vitesse
36%
Passage piétons
32%
Fin de limitation de vitesse
29%
Stationnement interdit
22%
Passage d'animaux sauvages
11%
Circulation dans les deux sens
5%
Danger permanent
2%
Aucun quiz correspondant
Distribution des résultats
% des personnes avec chaque résultat
Percentile par nombre de réponses
Votre historique - résultats
Vous n’avez pas pris ce quiz